|
|
|
|
| LEADER |
00000nam a2200000 a 4500 |
| 001 |
vtls009950652 |
| 003 |
SK-MaSNL |
| 005 |
20260301130819.0 |
| 008 |
240318p2009 gw a g 000 0 ger |
| 020 |
|
|
|a 9783837204377
|q (brož.)
|
| 040 |
|
|
|a SNK
|b slo
|c SNK
|e AACR2
|
| 041 |
0 |
|
|a ger
|
| 044 |
|
|
|a gw
|c DE
|
| 072 |
|
7 |
|a 339.7/.9
|x Svetová ekonomika a medzinárodné financie
|2 konspekt
|
| 072 |
|
7 |
|a 330.5+338
|x Národné hospodárstvo a hospodárska politika
|2 konspekt
|
| 080 |
|
|
|a 338.124.4
|2 2001
|
| 080 |
|
|
|a 336.7:338.124.4
|2 2001
|
| 080 |
|
|
|a 339.9
|2 2001
|
| 080 |
|
|
|a (048.8)
|2 2001
|
| 080 |
|
|
|a (430)
|2 2001
|
| 100 |
1 |
|
|a Helmut, K.
|4 aut
|9 479160
|
| 245 |
1 |
0 |
|a Wer steuert Deutschland? : der Wittelsbacher-Thule-Orden im Siemens-Konzern, NY/911 und die weltweite Finanzkrise : [aufgebaut auf dem bayerischen Verfassungsschutzbericht]
|c Helmut K.
|
| 260 |
|
|
|a Frankfurt am Main
|b August von Geothe Literaturverlag
|c 2009
|
| 300 |
|
|
|a 259 s., [20] s. tab. príl.
|b grafy, ilustr.
|c 21 cm
|
| 504 |
|
|
|a Obsahuje bibliogr.
|
| 610 |
2 |
7 |
|a Thule-Gesellschaft (spoločnosť)
|2 SNKKA
|9 479161
|
| 610 |
2 |
7 |
|a Siemens s. r. o. (Nemecko)
|2 SNKKA
|9 479162
|
| 650 |
0 |
7 |
|a hospodárska kríza
|2 SNKPH
|9 2278
|
| 650 |
0 |
7 |
|a finančná kríza
|2 SNKPH
|9 69874
|
| 650 |
0 |
7 |
|a svetová ekonomika
|2 SNKPH
|9 3976
|
| 655 |
|
7 |
|a štúdie
|2 SNKPH
|9 57033
|
| 919 |
|
|
|a 978-3-8372-0437-7
|
| 999 |
|
|
|c 745939
|d 747869
|
| 952 |
|
|
|a SNK
|b SNK
|y VYP
|7 0
|p 17A0633758
|o snkIC 138123
|i snk2009/18463
|8 2
|g 9.90
|0 0
|1 0
|4 0
|d 2009-09-16
|l 0
|r 2026-02-23 23:15:36
|w 2026-02-23
|